Datum a čas kvízu
39
Celkem bodů
Celkový počet nahraných bodů na tomto kvízu bez doplňovacích otázek.
2.
Pořadí na kvízu
Konečné umístění týmu na tomto kvízu.
Zaznamenané odpovědi
| # | Otázka | Odpověď | Body | Výsledky |
|---|---|---|---|---|
| 1. | Minulý týden byli jmenováni dv... | D | 0 | |
| 2. | Státníci kterých dvou zemí si... | Japonsko (premiérka), Jižní Korea (prezident) | 0 | |
| 3. | Minulý týden bylo oznámeno jmé... | o Hanse Zimmera | 1 | |
| 4. | První vydání jistého komiksu b... | Superman | 1 | |
| 5. | Česká republika získala zásluh... | krasobruslení | 1 | |
| 6. | Vaším úkolem v tématu bude odh... | červená, žlutá | 1 | |
| 7. | Teď se podíváme na domácí fotb... | tři | 1 | |
| 8. | Pojďme na hokej. Olomoucký koh... | červenou | 0 | |
| 9. | Na základě zobrazených barev l... | New York Knicks | 1 | |
| 10. | Které americké město oslavuje... | Pittsburgh | 0 |